000 00592cam a22002053a 4500
001 39621
003 PGUSA
005 20140828083859.0
008 120505s2012||||xxu|||||s|||||000 | eng d
040 _aPGUSA
_beng
042 _adc
100 1 _aCook, Samuel
245 1 4 _aThe Jenolan Caves :
_bAn Excursion in Australian Wonderland
_h[electronic resource] /
_cSamuel Cook
260 _bProject Gutenberg,
_c2012
506 _aPublic domain in the USA.
516 _aElectronic text
830 0 _aProject Gutenberg
_v39621
856 4 0 _uhttp://www.gutenberg.org/ebooks/39621
942 _cEB
999 _c268874
_d268874